Normal view MARC view ISBD view The historians' history of the world in twenty-five volumes, (Record no. 617305)

000 -LEADER
fixed length control field 00461nam a22001457a 4500
020 ## - INTERNATIONAL STANDARD BOOK NUMBER
Qualifying information HB.
040 ## - CATALOGING SOURCE
Transcribing agency FIZZA ISHAQ
082 ## - DEWEY DECIMAL CLASSIFICATION NUMBER
Classification number 909
Author Mark WIL
100 ## - MAIN ENTRY--PERSONAL NAME
Personal name Williams , Henry Smith.
9 (RLIN) 134324
245 ## - TITLE STATEMENT
Title Normal view MARC view ISBD view The historians' history of the world in twenty-five volumes,
Statement of responsibility, etc. Henry Smith Williams.
250 ## - EDITION STATEMENT
Edition statement volume : XVIII
260 ## - PUBLICATION, DISTRIBUTION, ETC.
Place of publication, distribution, etc. New York:
Name of publisher, distributor, etc. The Trow Press,
Date of publication, distribution, etc. 1904.
300 ## - PHYSICAL DESCRIPTION
Extent xi ; 640 P. ;
Dimensions 26.5 cm
942 ## - ADDED ENTRY ELEMENTS (KOHA)
Source of classification or shelving scheme
Koha item type Book
Holdings
Withdrawn status Lost status Source of classification or shelving scheme Damaged status Not for loan Permanent Location Current Location Shelving location Date acquired Total Checkouts Full call number Barcode Date last seen Price effective from Koha item type
          NUST Baluchistan Campus (NBC) NUST Baluchistan Campus (NBC) Reference 05/05/2026   909 WIL QD-356 05/05/2026 05/05/2026 Book
© 2023 Central Library, National University of Sciences and Technology. All Rights Reserved.